| 000 | 00544cam a2200205ua 4500 | ||
|---|---|---|---|
| 001 | 6192 | ||
| 008 | 131121n ii |||gr||||Z||||||eng | ||
| 020 | _a81-7096-500-4 | ||
| 040 | _cMAIN | ||
| 082 | _a657 | ||
| 245 |
_aBook-Keeping And Acccountancy _cBy C. Mohan Juneja |
||
| 260 |
_aLudhiana: _bKalyani Publishers, _c1991. |
||
| 300 | _ax,526p. | ||
| 653 | _aCommerce | ||
| 653 | _aBook-Keeping and accountancy | ||
| 700 |
_aJuneja,C. Mohan, _eAuthor., |
||
| 700 | 1 |
_aChawla,R.C., _eAuthor. |
|
| 700 | 1 |
_aSaxena,K.K., _eAuthor. |
|
| 942 | _cBK | ||
| 999 |
_c5344 _d5344 |
||